Demography: (Record no. 143459)

MARC details
000 -LEADER
fixed length control field 00595nam a22001937a 4500
005 - DATE AND TIME OF LATEST TRANSACTION
control field 20170817113806.0
010 ## - LCCN (DPL NO)
LC control number ENG-119834
020 ## - INTERNATIONAL STANDARD BOOK NUMBER
International Standard Book Number 9788129001474
Terms of availability 895.00
035 ## - SYSTEM CONTROL NUMBER
System control number EN-103366
037 ## - SOURCE OF ACQUISITION
Source of stock number/acquisition DBAD/PUB
082 ## - DEWEY DECIMAL CLASSIFICATION NUMBER
Classification number 304.6
100 ## - MAIN ENTRY--PERSONAL NAME
Personal name Khanna, Jhanvi
245 ## - TITLE STATEMENT
Title Demography:
Statement of responsibility, etc by Jhanvi Khanna
Remainder of title a critical approach /
260 ## - PUBLICATION, DISTRIBUTION, ETC. (IMPRINT)
Place of publication, distribution, etc Chandigarh
Name of publisher, distributor, etc New Era Book Agency
Date of publication, distribution, etc 2017
270 ## - ADDRESS
Address SCO 49-51, Sector -17 C, Post Box -52
City Chandigarh
Postal code 160017
300 ## - PHYSICAL DESCRIPTION
Extent 232p.
Dimensions 23cm(Hb)
500 ## - GENERAL NOTE
General note Includes bibliographical references
942 ## - ADDED ENTRY ELEMENTS (KOHA)
Source of classification or shelving scheme Dewey Decimal Classification
Item type English Books
Classification part 304.6
Call number suffix KHA
Holdings
Withdrawn status Lost status Not for loan Collection code Home library Current library Date acquired Source of acquisition Cost, normal purchase price Full call number Barcode Copy number Cost, replacement price Koha item type
      Non-fiction Patel Nagar Patel Nagar 17/08/2017 DBAD/PUB 895.00 304.6 KHA EN-103366 1 895.00 English Books

© Delhi Public Library
Hit Counter
free hit counter